01126nam a2200301Ia 4500001001200000003000800012006001900020007001500039008004100054020001800095020001500113040002100128035002100149050002200170100002200192245008000214246004000294260006300334300002300397500002000420533015200440650001600592650002700608655002900635710001700664856012600681999001700807ebr10282716CaPaEBRm u cr cn|||||||||090417s2009 maua s 001 0 eng d z9781598638653 z1598638653 aCaPaEBRcCaPaEBR a(OCoLC)47113385514aHD31b.M46 2009eb1 aMeola, Anthony T.10a90 days to success as a managerh[electronic resource] /cAnthony T. Meola.3 aNinety days to success as a manager aBoston, MA :bCourse Technology, Cengage Learning,cc2009. axi, 217 p. :bill. aIncludes index. aElectronic reproduction.bPalo Alto, Calif. :cebrary,d2009.nAvailable via World Wide Web.nAccess may be limited to ebrary affiliated libraries. 0aManagement. 0aIndustrial management. 7aElectronic books.2local2 aebrary, Inc.40uhttp://site.ebrary.com/lib/rucke/Doc?id=10282716zAn electronic book accessible through the World Wide Web; click to view c18517d18517